000 00624nam a2200205Ia 4500
003 OSt
005 20250617164336.0
008 210210b2002 xxu||||| |||| 00| 0 eng d
040 _cAL
041 _aKannada
082 _a553.7K SHRH
100 _aSHRI PADRE
_d ಶ್ರೀ ಪಡ್ರೆ
_9215269
245 _aHanigudisuva hadiyalli
_bಹನಿಗೂಡಿಸುವ ಹಾದಿಯಲ್ಲಿ
260 _aMangaluru
_bMargadarshi Prakashana
_c2002
300 _a137+5
650 _aCollection of articles on soil water conservation
_9215270
690 _aHydrology
_9215271
906 _a059345
942 _2ddc
_cBK
999 _c106503
_d106503